Dictionnaire de la Bible

Guardat en:
Dades bibliogràfiques
Autors principals: Pirot, Louis (Autor), Robert, André (Autor)
Format: Llibre
Idioma:francès
Publicat: París Libraire Letouzey et Ane 1949
Matèries:
Etiquetes: Afegir etiqueta
Sense etiquetes, Sigues el primer a etiquetar aquest registre!

MARC

LEADER 00000nam a2200000 a 4500
001 UCI2044
003 CL-VaPUC
008 070727e19490000FR |||||||||||||||||fre|d
082 0 4 |a 220.3  |b PIR  |2 21 
100 0 |a Pirot, Louis  |e author  |9 522874 
700 0 |a Robert, André  |e author  |9 522875 
245 1 0 |a Dictionnaire de la Bible 
300 |a v 
942 |c BK 
945 |d 20070727 00:00:00  |a jtorresc 
260 |a París  |b Libraire Letouzey et Ane  |c 1949 
500 |a Suplement 1: Abdeh- Chronologie 
500 |a Suplement 2: Chypre- Exode 
500 |a Suplement 3: Expiation- Herméneutique 
500 |a Suplement 4: Hetzenauer justice 
500 |a Suplement 4: Hetznauer- justice et justification 
500 |a Suplement 5: Kalt- Mycènes 
500 |a Suplement 6: Mystères- Passion 
650 0 |a Biblia  |9 257603 
650 0 |a Diccionarios  |9 256200 
583 |a last modification  |c 20070727 00:00:00  |k Rodrigo Vera 
999 |c 326691  |d 326689 
952 |0 0  |1 0  |4 0  |6 220_300000000000000_PIR_1949  |7 0  |8 F  |9 408787  |a BIBTEO  |b BIBTEO  |d 2019-11-22  |h v.1  |i 4112156  |o 220.3 PIR 1949  |p 4112156  |r 2025-01-17  |w 2019-11-22  |y BK_F  |k ICR 
952 |0 0  |1 0  |4 0  |6 220_300000000000000_PIR_1949  |7 0  |8 F  |9 408788  |a BIBTEO  |b BIBTEO  |d 2019-11-22  |h v.2  |i 4112164  |o 220.3 PIR 1949  |p 4112164  |r 2025-01-17  |w 2019-11-22  |y BK_F  |k ICR 
952 |0 0  |1 0  |4 0  |6 220_300000000000000_PIR_1949  |7 0  |8 F  |9 408789  |a BIBTEO  |b BIBTEO  |d 2019-11-22  |h v.3  |i 4112172  |o 220.3 PIR 1949  |p 4112172  |r 2025-01-17  |w 2019-11-22  |y BK_F  |k ICR 
952 |0 0  |1 0  |4 0  |6 220_300000000000000_PIR_1949  |7 0  |8 F  |9 408790  |a BIBTEO  |b BIBTEO  |d 2019-11-22  |h v.4  |i 4112059  |o 220.3 PIR 1949  |p 4112059  |r 2025-01-17  |w 2019-11-22  |y BK_F  |k ICR 
952 |0 0  |1 0  |4 0  |6 220_300000000000000_PIR_1949  |7 0  |8 F  |9 408791  |a BIBTEO  |b BIBTEO  |d 2019-11-22  |h v.4  |i 4112180  |o 220.3 PIR 1949  |p 4112180  |r 2025-01-17  |w 2019-11-22  |y BK_F  |k ICR 
952 |0 0  |1 0  |4 0  |6 220_300000000000000_PIR_1949  |7 0  |8 F  |9 408792  |a BIBTEO  |b BIBTEO  |d 2019-11-22  |h v.5  |i 4112199  |o 220.3 PIR 1949  |p 4112199  |r 2025-01-17  |w 2019-11-22  |y BK_F  |k ICR 
952 |0 0  |1 0  |4 0  |6 220_300000000000000_PIR_1949  |7 0  |8 F  |9 408793  |a BIBTEO  |b BIBTEO  |d 2019-11-22  |h v.6  |i 4112202  |o 220.3 PIR 1949  |p 4112202  |r 2025-01-17  |w 2019-11-22  |y BK_F  |k ICR